| 000 | 00869nam a22001937a 4500 | ||
|---|---|---|---|
| 003 | BD-DhUL | ||
| 005 | 20170516133453.0 | ||
| 008 | 170516s1994 bg a|||| |||| 00| 0 ben c | ||
| 020 | _a9848105045 | ||
| 040 |
_aBD-DhUL _cBD-DhUL |
||
| 082 |
_a954.92 _bRAB |
||
| 100 | 1 | _aমাহফুজুর রহমান | |
| 245 | 1 | 0 |
_aবাঙালি জাতির মুক্তিসংগ্রাম ও মুক্তিযুদ্ধ / _cমাহফুজুর রহমান |
| 260 |
_aচট্টগ্রাম : _bবাংলাদেশের মুক্তি সংগ্রাম ও মুক্তিযুদ্ধ গবেষণা কেন্দ্র, _c১৯৯৪ |
||
| 300 |
_a৮০ পৃঃ ; _c২২ সেমি |
||
| 650 | 0 | _aবাংলাদেশ- ইতিহাস | |
| 650 | 0 | _aBangladesh - History | |
| 942 |
_2ddc _cBK |
||
| 999 |
_c197566 _d197566 |
||